| 000 | 02461cam a22004694i 4500 | ||
|---|---|---|---|
| 003 | PE-LiUPU | ||
| 005 | 20250731165413.0 | ||
| 008 | 151110s2015 pe grm 000 0 spa d | ||
| 035 | _a(Sirsi) a155130 | ||
| 040 |
_aPE-LiUPU _bspa _cPE-LiUPU _erda |
||
| 099 |
_aTPS 2 _bL83 2015 |
||
| 100 | 1 |
_aLópez Huamán, Eliana Esther Nilce _eautor |
|
| 245 | 1 |
_aReligiosidad y resiliencia en estudiantes de psicología de una universidad privada de Lima Este / _cEliana Esther Nilce López Huamán. |
|
| 264 | 0 | _c2015. | |
| 300 |
_a119 hojas _c30 cm |
||
| 336 |
_atext _2rdacontent |
||
| 337 |
_aunmediated _2rdamedia |
||
| 338 |
_avolume _2rdacarrier |
||
| 502 |
_aTesis _b(Lic.) -- _cUniversidad Peruana Unión, _d2015. |
||
| 504 | _aIncluye referencias | ||
| 520 | 3 | _aLa investigación tuvo como objetivo principal determinar si existe relación significativa entre la religiosidad y resiliencia en estudiantes de psicología de una Institución Privada de Lima Este. El estudio de corte transversal y de tipo correlacional contó con la población de 155 estudiantes de psicología de ambos sexos, con edades que oscilaron entre 18 y 30 años. Los instrumentos utilizados fueron la Escala de Religiosidad; y la Escala de Resiliencia (ER). Para la confirmación de las hipótesis se empleó la prueba de coeficiente de correlación de Pearson, la cual determinó una relación moderadamente significativa entre religiosidad y resiliencia, así como de sus respectivas dimensiones. Cabe resaltar que la dimensión de perseverancia tiene un nivel alto de correlación con la religiosidad y sus respectivas dimensiones. En tal sentido se concluye que el nivel de religiosidad contribuye de manera positiva en la formación de competencias para afrontar las adversidades. | |
| 526 | _aSEG44 | ||
| 526 | _aSEG26 | ||
| 526 | _aP151 | ||
| 526 | _aP150 | ||
| 526 | _aP149 | ||
| 526 | _aP146 | ||
| 526 | _aP145 | ||
| 526 | _aP126 | ||
| 526 | _aP125 | ||
| 526 | _aP92 | ||
| 526 | _aP75 | ||
| 526 | _aP74 | ||
| 526 | _aP27 | ||
| 526 | _aP15 | ||
| 650 | 0 | 4 |
_aReligiosidad _xResiliencia (Psicología) _vTesis. |
| 650 | 0 | 4 |
_aResiliencia Aspectos religiosos _Estudiantes universitarios _vTesis. |
| 700 | 1 |
_aGuevara Ccapa, Vasthi Paola _eautor |
|
| 596 | _a1 | ||
| 942 |
_2ddc _cTESIS |
||
| 999 |
_aTPS 2 L83 2015 _wALPHANUM _c7820 _iT01838 _lCCODEBUL3 _mBUL _r1 _sY _tTESIS _u2015-11-10 _xSALUD _PP33 _o.STAFF. Tesis _d7820 |
||
| 980 |
_81 _gALBERTO SANCHEZ Responsable de Automatización |
||